[Event "Niederrhein-ch"]
[Site "Solingen"]
[Date "2019.04.15"]
[Round "4.5"]
[White "Steingrobe, Udo"]
[Black "Westermann, Johannes"]
[Result "0-1"]
[WhiteElo "1987"]
[BlackElo "2036"]
[PlyCount "76"]
[EventDate "2019.04.12"]
[EventType "swiss"]
[EventRounds "7"]
[EventCountry "GER"]
[SourceTitle "EXT 2022"]
[Source "ChessBase"]
[SourceDate "2021.10.06"]
[SourceVersion "1"]
[SourceVersionDate "2021.10.06"]
[SourceQuality "1"]

1. d4 d5 2. c4 e6 3. Nc3 Nf6 4. Bg5 Be7 5. e3 h6 6. Bh4 0-0 7. Qc2 b6 8. Bxf6 Bxf6 9. cxd5 exd5 10. Nf3 c5 11. Be2 Nc6 12. dxc5 bxc5 13. Rd1 Be6 14. 0-0 Qa5 15. Nxd5 Bxd5 16. Rxd5 Qxa2 17. Rxc5 Nb4 18. Qb1 Rfc8 19. Qxa2 Nxa2 20. Rxc8+ Rxc8 21. b3 Rc2 22. Bc4 a5 23. Nd4 Bxd4 24. exd4 a4 25. Re1 Nc1 26. Bd5 axb3 27. Be4 Na2 28. Kf1 Rd2 29. Bd5 Rb2 30. Bc4 Nc3 31. Bd3 g6 32. Rc1 Nd5 33. Be4 Nf6 34. Bf3 Ra2 35. Bd1 b2 36. Rb1 Nd5 37. Bc2 Nc3 38. Re1 Ra1 0-1

[Event "Niederrhein-ch"]
[Site "Solingen"]
[Date "2019.04.14"]
[Round "3.6"]
[White "Westermann, Johannes"]
[Black "Boschek, Hans Joachim"]
[Result "1/2-1/2"]
[WhiteElo "2036"]
[BlackElo "1843"]
[PlyCount "76"]
[EventDate "2019.04.12"]
[EventType "swiss"]
[EventRounds "7"]
[EventCountry "GER"]
[SourceTitle "EXT 2022"]
[Source "ChessBase"]
[SourceDate "2021.10.06"]
[SourceVersion "1"]
[SourceVersionDate "2021.10.06"]
[SourceQuality "1"]

1. d4 Nf6 2. Nf3 d5 3. c4 e6 4. Bg5 h6 5. Bh4 Be7 6. Nc3 0-0 7. e3 Ne4 8. Bxe7 Qxe7 9. cxd5 Nxc3 10. bxc3 exd5 11. Qb3 c6 12. Bd3 Nd7 13. 0-0 Nf6 14. a4 Be6 15. a5 Rab8 16. Rfb1 Ne4 17. h3 Qf6 18. Be2 Ng5 19. Nxg5 Qxg5 20. Kf1 f5 21. Bf3 Qf6 22. Re1 g5 23. g3 h5 24. Bg2 f4 25. exf4 gxf4 26. gxf4 Qxf4 27. Ra2 Bf5 28. c4 Rbe8 29. Rae2 Rxe2 30. Rxe2 Qc1+ 31. Re1 Qxc4+ 32. Qxc4 dxc4 33. a6 bxa6 34. Bxc6 Bxh3+ 35. Kg1 Rf6 36. Bd5+ Kg7 37. Bxc4 Rf4 38. Re7+ Kg6 1/2-1/2

[Event "Niederrhein-ch"]
[Site "Solingen"]
[Date "2019.04.12"]
[Round "1.7"]
[White "Westermann, Johannes"]
[Black "Schrade, Achim"]
[Result "1-0"]
[WhiteElo "2036"]
[BlackElo "1681"]
[PlyCount "49"]
[EventDate "2019.04.12"]
[EventType "swiss"]
[EventRounds "7"]
[EventCountry "GER"]
[SourceTitle "EXT 2022"]
[Source "ChessBase"]
[SourceDate "2021.10.06"]
[SourceVersion "1"]
[SourceVersionDate "2021.10.06"]
[SourceQuality "1"]

1. d4 f5 2. c4 Nf6 3. Nc3 g6 4. g3 Bg7 5. Bg2 d6 6. Nf3 0-0 7. 0-0 c6 8. d5 e5 9. dxe6 Bxe6 10. b3 Nh5 11. Bb2 f4 12. Qd2 fxg3 13. hxg3 Na6 14. Rad1 Qa5 15. Qxd6 Bxc4 16. bxc4 Bxc3 17. Qe6+ Kh8 18. Bxc3+ Qxc3 19. Qe7 Qb4 20. Qe5+ Ng7 21. Rd7 Rg8 22. Ng5 h6 23. Nf7+ Kh7 24. Qf4 Nf5 25. Ng5+ 1-0

[Event "Niederrhein-ch"]
[Site "Solingen"]
[Date "2016.03.20"]
[Round "2"]
[White "Boschek, Hans Joachim"]
[Black "Westermann, Johannes"]
[Result "0-1"]
[WhiteElo "1810"]
[BlackElo "2059"]
[PlyCount "52"]
[EventDate "2016.03.19"]
[EventType "swiss"]
[EventRounds "7"]
[EventCountry "GER"]
[SourceTitle "EXT 2018"]
[Source "ChessBase"]
[SourceDate "2017.10.13"]
[SourceVersion "1"]
[SourceVersionDate "2017.10.13"]
[SourceQuality "1"]

1. c4 e6 2. d4 d5 3. Nf3 Nf6 4. g3 Be7 5. Bg2 0-0 6. 0-0 dxc4 7. Ne5 Nc6 8. Bxc6 bxc6 9. Nxc6 Qd6 10. Nxe7+ Qxe7 11. Na3 e5 12. dxe5 Qxe5 13. Nxc4 Qh5 14. Ne3 Re8 15. f3 Qc5 16. b4 Qxb4 17. Kg2 Ba6 18. Rf2 Rab8 19. Nc2 Qc5 20. e4 Rbd8 21. Rd2 Rxd2+ 22. Qxd2 Bb7 23. Ne1 Nxe4 24. fxe4 Qe5 25. Bb2 Qxe4+ 26. Kf2 Qh1 0-1

[Event "Niederrhein-ch"]
[Site "Solingen"]
[Date "2016.03.19"]
[Round "1"]
[White "Westermann, Johannes"]
[Black "Link, Robert1111"]
[Result "1/2-1/2"]
[WhiteElo "2059"]
[BlackElo "1878"]
[PlyCount "64"]
[EventDate "2016.03.19"]
[EventType "swiss"]
[EventRounds "7"]
[EventCountry "GER"]
[SourceTitle "EXT 2018"]
[Source "ChessBase"]
[SourceDate "2017.10.13"]
[SourceVersion "1"]
[SourceVersionDate "2017.10.13"]
[SourceQuality "1"]

1. e4 c5 2. Nf3 Nc6 3. d4 cxd4 4. Nxd4 g6 5. c4 Nf6 6. Nc3 d6 7. Be2 Nxd4 8. Qxd4 Bg7 9. Be3 0-0 10. Qd2 Qa5 11. 0-0 Be6 12. Rac1 a6 13. b3 Rfc8 14. Bf3 Rab8 15. Rfd1 b5 16. Nd5 Qxd2 17. Bxd2 Bxd5 18. cxd5 Nd7 19. Rxc8+ Rxc8 20. Bg4 f5 21. exf5 Nf6 22. Bh3 Rc2 23. fxg6 hxg6 24. Be6+ Kh7 25. a4 bxa4 26. bxa4 Rc4 27. a5 Rd4 28. Kf1 Nxd5 29. Bxd5 Rxd5 30. Ke2 Re5+ 31. Kf1 Rd5 32. Ke2 Re5+ 1/2-1/2

[Event "Goch op 26th"]
[Site "Goch"]
[Date "2015.09.06"]
[Round "6"]
[White "Westermann, Johannes"]
[Black "Coenen, Siegfried"]
[Result "1-0"]
[WhiteElo "2154"]
[BlackElo "2026"]
[PlyCount "81"]
[EventDate "2015.09.03"]
[EventType "swiss"]
[EventRounds "7"]
[EventCountry "GER"]
[SourceTitle "EXT 2018"]
[Source "ChessBase"]
[SourceDate "2017.10.13"]
[SourceVersion "1"]
[SourceVersionDate "2017.10.13"]
[SourceQuality "1"]

1. e4 e5 2. Nf3 Nf6 3. Nc3 Nc6 4. Bc4 Bc5 5. d3 d6 6. Bg5 h6 7. Be3 Nd4 8. Nb5 Nxf3+ 9. Qxf3 c6 10. Bxc5 cxb5 11. Bxb5+ Ke7 12. Bb4 Qb6 13. c4 a6 14. Qg3 axb5 15. c5 dxc5 16. Qxe5+ Kd8 17. Bxc5 Qe6 18. Qd4+ Ke8 19. a3 Bd7 20. 0-0 Bc6 21. f3 h5 22. Qc3 Rc8 23. Rac1 Bd7 24. Qd2 Rh6 25. d4 Rg6 26. d5 Qe5 27. Bd4 Qb8 28. Rxc8+ Bxc8 29. Be3 Bh3 30. Rf2 Nd7 31. Kh1 Bxg2+ 32. Rxg2 Ne5 33. Rxg6 Nxg6 34. Qb4 Qc8 35. Qxb5+ Qd7 36. Qxd7+ Kxd7 37. Kg2 Kd6 38. Bd4 f6 39. Kg3 Ke7 40. a4 Kd6 41. b4 1-0

[Event "Niederrhein-ch"]
[Site "Solingen"]
[Date "2015.03.30"]
[Round "3"]
[White "Schuelke, Tilman"]
[Black "Westermann, Johannes"]
[Result "1-0"]
[WhiteElo "1971"]
[BlackElo "2154"]
[PlyCount "75"]
[EventDate "2015.03.28"]
[EventType "swiss"]
[EventRounds "7"]
[EventCountry "GER"]
[SourceTitle "EXT 2016"]
[Source "ChessBase"]
[SourceDate "2015.10.08"]
[SourceVersion "1"]
[SourceVersionDate "2015.10.08"]
[SourceQuality "1"]

1. d4 d5 2. c3 Nf6 3. Bg5 e6 4. e3 Be7 5. Bd3 h6 6. Bxf6 Bxf6 7. Nd2 Nd7 8. f4 c5 9. Ngf3 0-0 10. 0-0 a6 11. Kh1 b5 12. Qe1 Bb7 13. h3 g6 14. a3 Kg7 15. Kh2 Qb6 16. Ne5 Nxe5 17. fxe5 Be7 18. Qg3 Bc6 19. Rf2 Be8 20. Raf1 Qd8 21. Rf6 Bxf6 22. Rxf6 b4 23. axb4 cxb4 24. c4 a5 25. b3 a4 26. bxa4 Rxa4 27. Nb3 Ra3 28. Nc5 Qe7 29. Bxg6 fxg6 30. Nxe6+ Qxe6 31. Rxe6 Ra7 32. Rb6 dxc4 33. Rxb4 Ra2 34. Rxc4 Rf5 35. h4 Rff2 36. Rc7+ Kg8 37. d5 g5 38. d6 1-0

[Event "Rheinhausen-ch 19th"]
[Site "Duisburg Rheinhausen"]
[Date "2015.02.18"]
[Round "4"]
[White "Westermann, Johannes"]
[Black "Heinert, Eugen"]
[Result "1/2-1/2"]
[WhiteElo "2132"]
[BlackElo "2096"]
[PlyCount "116"]
[EventDate "2015.01.09"]
[EventType "swiss"]
[EventRounds "7"]
[EventCountry "GER"]
[SourceTitle "EXT 2018"]
[Source "ChessBase"]
[SourceDate "2017.10.13"]
[SourceVersion "1"]
[SourceVersionDate "2017.10.13"]
[SourceQuality "1"]

1. d4 d5 2. c4 c6 3. Nc3 Nf6 4. Nf3 dxc4 5. a4 e6 6. e3 c5 7. Bxc4 Nc6 8. 0-0 cxd4 9. exd4 Be7 10. Bf4 0-0 11. Qd2 Nb4 12. h3 b6 13. Rfe1 Bb7 14. Ne5 Nfd5 15. Bg3 Rc8 16. Bb3 Bg5 17. f4 Be7 18. Rac1 Nxc3 19. bxc3 Nd5 20. Qd3 Ba3 21. Rc2 Qc7 22. Bxd5 Bxd5 23. f5 Bb3 24. Rcc1 Bxc1 25. Rxc1 Qe7 26. c4 Bxa4 27. f6 Qxf6 28. Ra1 Bc6 29. Rxa7 Qf5 30. Qxf5 exf5 31. d5 Ba8 32. Nd7 Rxc4 33. Nxf8 Bxd5 34. Rd7 Kxf8 35. Rxd5 f4 36. Be1 Rc1 37. Kf2 Rb1 38. Rf5 Ke7 39. Rxf4 b5 40. Rb4 Rxb4 41. Bxb4+ Ke6 42. Ke3 Kd5 43. Bf8 g6 44. Kd3 f5 45. Ke3 Kc4 46. Kf4 Kd3 47. h4 Ke2 48. Bc5 Kf1 49. Kf3 Ke1 50. g3 Kf1 51. Bd6 Kg1 52. Kf4 Kg2 53. Kg5 b4 54. Bxb4 Kxg3 55. Be7 Kh3 56. Bf6 Kg3 57. Bd8 Kh3 58. Kf4 h6 1/2-1/2

[Event "NRW-ch"]
[Site "Solingen"]
[Date "2014.10.16"]
[Round "6"]
[White "Westermann, Johannes"]
[Black "Lindam, Ingo"]
[Result "1-0"]
[WhiteElo "2158"]
[BlackElo "2070"]
[PlyCount "81"]
[EventDate "2014.10.11"]
[EventType "swiss"]
[EventRounds "7"]
[EventCountry "GER"]
[SourceTitle "EXT 2016"]
[Source "ChessBase"]
[SourceDate "2015.10.08"]
[SourceVersion "1"]
[SourceVersionDate "2015.10.08"]
[SourceQuality "1"]

1. e4 c5 2. Nf3 e6 3. d4 cxd4 4. Nxd4 Nc6 5. Nc3 Qc7 6. Be3 a6 7. a4 Nf6 8. g3 Bb4 9. Bg2 d5 10. Nxc6 Bxc3+ 11. bxc3 Qxc6 12. Qd4 0-0 13. e5 Ne4 14. f3 Nxc3 15. Bd2 Nxa4 16. Qxa4 Qc7 17. f4 Bd7 18. Qb3 Bb5 19. Ba5 b6 20. Bb4 Rfc8 21. Kd2 g5 22. Bd6 Qd8 23. Rhb1 Rc4 24. Bf1 Rd4+ 25. Kc3 Re4 26. Bxb5 Rc8+ 27. Kb2 axb5 28. Qxb5 Rec4 29. Rc1 gxf4 30. gxf4 Qh4 31. Qb3 Qxh2 32. Be7 f5 33. Bf6 Qxf4 34. Ra7 Rc3 35. Rg1+ Kf8 36. Be7+ Ke8 37. Qb5+ R3c6 38. Rg8+ Kf7 39. Bg5+ Kxg8 40. Bxf4 Rxc2+ 41. Kb1 1-0

[Event "Kamp Lintfort sim"]
[Site "Kamp Lintfort"]
[Date "2004.??.??"]
[Round "?"]
[White "Karpov, Anatoly"]
[Black "Westermann, Johannes"]
[Result "1-0"]
[WhiteElo "2682"]
[BlackElo "2081"]
[PlyCount "149"]
[EventDate "2004.??.??"]
[EventType "simul"]
[EventRounds "1"]
[EventCountry "GER"]
[SourceTitle "EXT 2007"]
[Source "ChessBase"]
[SourceDate "2006.11.23"]
[SourceVersion "1"]
[SourceVersionDate "2006.11.23"]
[SourceQuality "1"]

1. e4 e5 2. Nf3 Nc6 3. Bb5 a6 4. Ba4 Nf6 5. 0-0 Be7 6. Re1 b5 7. Bb3 0-0 8. h3 Bb7 9. d3 d6 10. c3 Nb8 11. Nbd2 Nbd7 12. Nf1 Re8 13. Ng3 g6 14. Ng5 d5 15. d4 h6 16. dxe5 hxg5 17. exf6 Nxf6 18. e5 Ne4 19. Nxe4 dxe4 20. Qg4 Kg7 21. Be3 Qc8 22. Qg3 c5 23. Rad1 Qf5 24. e6 fxe6 25. Rd7 Bc6 26. Rc7 Rac8 27. Ra7 Bd5 28. Bxg5 Kf8 29. Bh6+ Kg8 30. Rxa6 Kf7 31. Be3 Rh8 32. Ra7 Kf8 33. Bd1 Rh7 34. Bg4 Qf6 35. Bf4 Qh4 36. Bd6 Re8 37. Qxh4 Rxh4 38. Rxe7 Rxe7 39. Bxc5 Bxa2 40. Be2 Bc4 41. Bxc4 bxc4 42. g3 Rh5 43. Bxe7+ Kxe7 44. Rxe4 Rb5 45. Re2 Rd5 46. Kg2 Rd3 47. h4 Kf6 48. f4 Kf5 49. Kh3 Kf6 50. Kg4 Rd5 51. Re4 Rd2 52. Rxc4 Rxb2 53. h5 gxh5+ 54. Kxh5 Rc2 55. Kg4 Rd2 56. Re4 Rd3 57. c4 Rc3 58. Kh3 Rc2 59. g4 Rc1 60. Kh4 Rc3 61. g5+ Kf5 62. Re5+ Kxf4 63. Rxe6 Rxc4 64. Kh5 Rc8 65. Rf6+ Ke5 66. Kg6 Rg8+ 67. Kh6 Rh8+ 68. Kg7 Rh5 69. g6 Rh2 70. Rf1 Ke6 71. Re1+ Kd7 72. Kf7 Rf2+ 73. Kg8 Rg2 74. g7 Rg3 75. Rh1 1-0